[Event "Mecklenburg VP LL2 Ost 1617"]
[Site "Mecklenburg VP"]
[Date "2017.01.15"]
[Round "5.4"]
[White "Ivanov, Sergey V"]
[Black "Schmidt, Joerg"]
[Result "1/2-1/2"]
[WhiteElo "1735"]
[BlackElo "1878"]
[PlyCount "118"]
[EventDate "2016.10.16"]
[EventType "team-tourn"]
[EventRounds "9"]
[EventCountry "GER"]
[SourceTitle "EXT 2022"]
[Source "ChessBase"]
[SourceDate "2021.10.06"]
[SourceVersion "1"]
[SourceVersionDate "2021.10.06"]
[SourceQuality "1"]
[WhiteTeam "Rostock HSG Uni"]
[BlackTeam "Waren Malchow"]
[WhiteTeamCountry "GER"]
[BlackTeamCountry "GER"]

1. c4 g6 2. Nc3 Bg7 3. g3 d6 4. Bg2 e5 5. d3 f5 6. e3 Nc6 7. Nge2 Nf6 8. 0-0 Be6 9. Rb1 Qd7 10. b4 d5 11. b5 Ne7 12. c5 c6 13. a4 0-0 14. Qc2 h6 15. f4 Nh7 16. Bb2 g5 17. Nd1 Ng6 18. fxe5 Nxe5 19. Nd4 Rae8 20. Nxe6 Qxe6 21. e4 fxe4 22. Rxf8+ Rxf8 23. dxe4 Nf3+ 24. Bxf3 Rxf3 25. Bxg7 Kxg7 26. Nf2 Nf6 27. bxc6 Qxc6 28. exd5 Qxd5 29. Rd1 Qe5 30. Kg2 Rc3 31. Qb1 Qc7 32. Rc1 Qc6+ 33. Kg1 Rxc1+ 34. Qxc1 Qxa4 35. Qb2 Qc6 36. Qa3 a6 37. Kf1 Nd7 38. Qc3+ Kf7 39. Qc4+ Ke7 40. Ne4 Qb5 41. Qxb5 axb5 42. Ke2 Ke6 43. Nd6 Nxc5 44. Nxb5 Ke5 45. Ke3 Ne4 46. Nd4 Nd6 47. Nb3 Kd5 48. Kf3 Nf5 49. Nd2 h5 50. Ne4 Nd4+ 51. Ke3 g4 52. Nf6+ Kc4 53. Nxh5 Nf3 54. h3 Ne5 55. hxg4 Nxg4+ 56. Kd2 Kb3 57. Nf4 Nf6 58. Ne6 Kb2 59. Kd3 b5 1/2-1/2

[Event "Mecklenburg VP LL2 Ost 1617"]
[Site "Mecklenburg VP"]
[Date "2016.12.04"]
[Round "4.4"]
[White "Onasch, Gunnar"]
[Black "Ivanov, Sergey V"]
[Result "0-1"]
[WhiteElo "1804"]
[BlackElo "1735"]
[PlyCount "58"]
[EventDate "2016.10.16"]
[EventType "team-tourn"]
[EventRounds "9"]
[EventCountry "GER"]
[SourceTitle "EXT 2022"]
[Source "ChessBase"]
[SourceDate "2021.10.06"]
[SourceVersion "1"]
[SourceVersionDate "2021.10.06"]
[SourceQuality "1"]
[WhiteTeam "Waterkant Saal SV"]
[BlackTeam "Rostock HSG Uni"]
[WhiteTeamCountry "GER"]
[BlackTeamCountry "GER"]

1. d4 f5 2. g3 Nf6 3. c4 e6 4. Bg2 Be7 5. Nf3 0-0 6. 0-0 d6 7. Nc3 Ne4 8. Qc2 Nxc3 9. Qxc3 Nd7 10. Re1 Bf6 11. Qc2 Qe8 12. e4 fxe4 13. Qxe4 e5 14. Bd2 Qf7 15. d5 Nc5 16. Qc2 a5 17. Be3 b6 18. Nd2 Qh5 19. Ne4 Bf5 20. Bxc5 bxc5 21. Nxf6+ Rxf6 22. Be4 Bh3 23. Rad1 Raf8 24. Rd2 Rh6 25. a3 Bg4 26. h4 g5 27. hxg5 Qxg5 28. Qc3 Qh5 29. Qe3 Rf3 0-1

[Event "Mecklenburg VP LL2 Ost 1617"]
[Site "Mecklenburg VP"]
[Date "2016.10.16"]
[Round "1.4"]
[White "Ivanov, Sergey V"]
[Black "Schmekel, Felix"]
[Result "1/2-1/2"]
[WhiteElo "1735"]
[BlackElo "1641"]
[PlyCount "112"]
[EventDate "2016.10.16"]
[EventType "team-tourn"]
[EventRounds "9"]
[EventCountry "GER"]
[SourceTitle "EXT 2022"]
[Source "ChessBase"]
[SourceDate "2021.10.06"]
[SourceVersion "1"]
[SourceVersionDate "2021.10.06"]
[SourceQuality "1"]
[WhiteTeam "Rostock HSG Uni"]
[BlackTeam "Torgelow Droegeheide II"]
[WhiteTeamCountry "GER"]
[BlackTeamCountry "GER"]

1. c4 g6 2. Nc3 Bg7 3. g3 d6 4. Bg2 e5 5. Nf3 f5 6. d4 e4 7. Ng5 Nc6 8. d5 Ne5 9. Qc2 h6 10. Nh3 g5 11. b3 Bd7 12. Bb2 Qe7 13. 0-0-0 0-0-0 14. Qd2 Re8 15. f3 exf3 16. exf3 f4 17. Rhf1 fxg3 18. hxg3 Nxf3 19. Bxf3 Bxh3 20. Rfe1 Qf7 21. Rxe8+ Qxe8 22. g4 Nf6 23. Nb5 a6 24. Nd4 Bxg4 25. Bxg4+ Nxg4 26. Ne6 Bxb2+ 27. Kxb2 Ne5 28. Rf1 g4 29. Qd4 Kb8 30. c5 Qb5 31. Rd1 Rg8 32. cxd6 cxd6 33. a4 Qd7 34. Qb6 Rc8 35. Rh1 Nf7 36. Rh4 Rg8 37. Qd4 g3 38. Rg4 Rxg4 39. Qxg4 Ng5 40. Qxg3 Nxe6 41. dxe6 Qxe6 42. Ka2 Kc8 43. Qc3+ Kd7 44. Qg7+ Kc6 45. Qc3+ Kd5 46. Qf3+ Qe4 47. Qf7+ Kd4 48. Qf6+ Qe5 49. Qxh6 Kd3 50. Qh3+ Kd4 51. Qg4+ Ke3 52. Qh3+ Kd2 53. Qh6+ Kc3 54. Qc1+ Kd3 55. Qd1+ Ke3 56. Qe1+ Kf3 1/2-1/2

[Event "Chigorin Memorial 18th"]
[Site "St Petersburg"]
[Date "2010.11.04"]
[Round "8"]
[White "Minina, Veronika"]
[Black "Ivanov, Sergey V"]
[Result "0-1"]
[WhiteElo "2147"]
[BlackElo "2042"]
[PlyCount "50"]
[EventDate "2010.10.28"]
[EventType "swiss"]
[EventRounds "9"]
[EventCountry "RUS"]
[SourceTitle "EXT 2011"]
[Source "ChessBase"]
[SourceDate "2010.11.26"]
[SourceVersion "1"]
[SourceVersionDate "2010.11.26"]
[SourceQuality "1"]

1. Nf3 Nf6 2. g3 g6 3. Bg2 Bg7 4. c4 d6 5. d4 0-0 6. 0-0 Nc6 7. Nc3 e5 8. d5 Ne7 9. e4 Ne8 10. Ne1 f5 11. Nd3 Nf6 12. Re1 fxe4 13. Nxe4 Nxe4 14. Bxe4 Bf5 15. Qe2 Qd7 16. Bd2 Rae8 17. Bc3 Bh6 18. Qc2 Rf7 19. Qb3 c6 20. Qc2 Ref8 21. Bxe5 Bxe4 22. Rxe4 Qf5 23. Rae1 dxe5 24. Rxe5 Qd7 25. Nc5 Qc7 0-1

[Event "Chigorin Memorial 18th"]
[Site "St Petersburg"]
[Date "2010.11.01"]
[Round "5"]
[White "Chan, Naruna"]
[Black "Ivanov, Sergey V"]
[Result "0-1"]
[WhiteElo "1753"]
[BlackElo "2042"]
[PlyCount "66"]
[EventDate "2010.10.28"]
[EventType "swiss"]
[EventRounds "9"]
[EventCountry "RUS"]
[SourceTitle "EXT 2011"]
[Source "ChessBase"]
[SourceDate "2010.11.26"]
[SourceVersion "1"]
[SourceVersionDate "2010.11.26"]
[SourceQuality "1"]

1. d4 Nf6 2. c4 g6 3. Nc3 Bg7 4. e4 d6 5. Nf3 0-0 6. Bg5 h6 7. Bf4 Na6 8. Qd2 Kh7 9. a3 c5 10. d5 Nc7 11. h3 a6 12. g4 Ng8 13. e5 dxe5 14. Nxe5 f6 15. Nf3 e5 16. Bg3 Ne8 17. Bd3 Nd6 18. 0-0-0 Ne7 19. Rde1 b5 20. cxb5 c4 21. Be4 axb5 22. Nxb5 Nxe4 23. Rxe4 Bb7 24. Rd1 Bxd5 25. Qb4 Qb6 26. Re3 Nc6 27. Qxf8 Bxf8 28. Rxd5 Ne7 29. Rd6 Qxb5 30. Rxf6 Nc6 31. Nxe5 Nxe5 32. Rxe5 Qb7 33. Ree6 Bg7 0-1

[Event "Chigorin Memorial 18th"]
[Site "St Petersburg"]
[Date "2010.10.31"]
[Round "4"]
[White "Ivanov, Sergey V"]
[Black "Rjanova, Valery"]
[Result "0-1"]
[WhiteElo "2042"]
[BlackElo "2140"]
[PlyCount "38"]
[EventDate "2010.10.28"]
[EventType "swiss"]
[EventRounds "9"]
[EventCountry "RUS"]
[SourceTitle "EXT 2011"]
[Source "ChessBase"]
[SourceDate "2010.11.26"]
[SourceVersion "1"]
[SourceVersionDate "2010.11.26"]
[SourceQuality "1"]

1. Nf3 Nf6 2. g3 g6 3. Bg2 Bg7 4. 0-0 d6 5. d3 e5 6. e4 0-0 7. Nc3 c6 8. Ne1 Bg4 9. f3 Be6 10. f4 exf4 11. gxf4 Bg4 12. Qd2 Nh5 13. Rb1 Bd4+ 14. Kh1 Qh4 15. Rf3 Bxf3 16. Bxf3 Bf2 17. Bxh5 Bxe1 18. Qe2 Bxc3 19. bxc3 Qxh5 0-1

[Event "Chigorin Memorial 18th"]
[Site "St Petersburg"]
[Date "2010.10.29"]
[Round "2"]
[White "Ivanov, Sergey V"]
[Black "Nazaryev, Sergey"]
[Result "1/2-1/2"]
[WhiteElo "2042"]
[BlackElo "2276"]
[PlyCount "25"]
[EventDate "2010.10.28"]
[EventType "swiss"]
[EventRounds "9"]
[EventCountry "RUS"]
[SourceTitle "EXT 2011"]
[Source "ChessBase"]
[SourceDate "2010.11.26"]
[SourceVersion "1"]
[SourceVersionDate "2010.11.26"]
[SourceQuality "1"]

1. Nf3 Nf6 2. g3 g6 3. Bg2 Bg7 4. 0-0 0-0 5. d3 d6 6. e4 e5 7. Nc3 c5 8. Ne1 Nc6 9. f4 Bg4 10. Bf3 Bh3 11. Bg2 Bg4 12. Bf3 Bh3 13. Bg2 1/2-1/2

[Event "Chigorin Memorial 12th"]
[Site "St Petersburg"]
[Date "2004.10.21"]
[Round "6"]
[White "Kirillova, Varvara"]
[Black "Ivanov, Sergey V"]
[Result "1-0"]
[WhiteElo "2262"]
[BlackElo "2061"]
[PlyCount "77"]
[EventDate "2004.10.16"]
[EventType "swiss"]
[EventRounds "9"]
[EventCountry "RUS"]
[SourceTitle "EXT 2005"]
[Source "ChessBase"]
[SourceDate "2004.11.15"]
[SourceVersion "1"]
[SourceVersionDate "2004.11.15"]
[SourceQuality "1"]

1. e4 d5 2. exd5 Nf6 3. d4 Nxd5 4. Be2 Bf5 5. c3 e6 6. Qb3 Qc8 7. Nf3 Bd6 8. 0-0 0-0 9. Nh4 c6 10. Nxf5 exf5 11. Bf3 Nf4 12. Na3 Nd7 13. Nc4 Bc7 14. Qc2 g6 15. Re1 Nf6 16. Ne5 Ne6 17. Bh6 Re8 18. Rad1 Bd6 19. a4 Qc7 20. h4 Ng7 21. Nc4 Bh2+ 22. Kh1 Bf4 23. Bxf4 Qxf4 24. Qb3 Qxh4+ 25. Kg1 Ng4 26. Bxg4 fxg4 27. Qxb7 g3 28. fxg3 Qxg3 29. Ne5 Rab8 30. Qxf7+ Kh8 31. Qc7 Qh4 32. Qxc6 Rxb2 33. Nf7+ Kg8 34. Rxe8+ Nxe8 35. Qxe8+ Kg7 36. Qe5+ Kxf7 37. Rf1+ Kg8 38. Qe8+ Kg7 39. Qf8# 1-0